书目信息 |
| 题名: |
地震化石
|
|
| 作者: | 林爱明 著/译 | |
| 分册: | ||
| 出版信息: | 北京 高等教育出版社 2008.09 |
|
| 页数: | 321页 | |
| 开本: | 23cm | |
| 丛书名: | ||
| 单 册: | ||
| 中图分类: | P315.2 | |
| 科图分类: | ||
| 主题词: | 地震--地质断层--震源机制--研究 , 地震 , 地质断层 , 震源机制 | |
| 电子资源: | ||
| ISBN: | 978-7-04-024620-9 | |
| 000 | 01007nam0 2200301 450 | |
| 001 | 003929649 | |
| 005 | 20130627095706.26 | |
| 010 | @a978-7-04-024620-9@dCNY45.00 | |
| 100 | @a20090108d2008 em y0chiy0110 ea | |
| 101 | 1 | @achi@ceng |
| 102 | @aCN@b110000 | |
| 105 | @aaf z 001yy | |
| 106 | @ar | |
| 200 | 1 | @a地震化石@9di zhen hua shi@e假熔岩的形成与保存@f林爱明著/译 |
| 210 | @a北京@c高等教育出版社@d2008.09 | |
| 215 | @a321页@c图,图版(64页)@d23cm | |
| 320 | @a有索引 | |
| 330 | @a本书着重阐述在地壳不同深度的孕震断层带内,由地震断层的快速运动和无震蠕滑所形成的震源物质的产状和性质。 | |
| 510 | 1 | @aFossil earthquakes@eformation and preservation of pseudotachylytes@zeng |
| 517 | 1 | @a假熔岩的形成与保存@9jia rong yan de xing cheng yu bao cun |
| 606 | 0 | @a地震@x地质断层@x震源机制@x研究 |
| 606 | 0 | @a地震 |
| 606 | 0 | @a地质断层 |
| 606 | 0 | @a震源机制 |
| 690 | @aP315.2@v4 | |
| 701 | 0 | @a林爱明@9lin ai ming@4著/译 |
| 801 | 0 | @aCN@bNLC@c20090108 |
| 905 | @b546400-04@dP315.2@e105@f5 | |
| 地震化石:假熔岩的形成与保存/林爱明著/译.-北京:高等教育出版社,2008.09 |
| 321页:图,图版(64页);23cm |
| ISBN 978-7-04-024620-9:CNY45.00 |
| 本书着重阐述在地壳不同深度的孕震断层带内,由地震断层的快速运动和无震蠕滑所形成的震源物质的产状和性质。 |
| ● |
| 相关链接 |
|
|
|
|
正题名:地震化石
索取号:P315.2/105
 
预约/预借
| 序号 | 登录号 | 条形码 | 馆藏地/架位号 | 状态 | 备注 |
| 1 | 546400 | 205464004 | 第二样本阅览室/ [索取号:P315.2/105] | 在馆 | |
| 2 | 546401 | 205464013 | 第三借阅区/ [索取号:P315.2/105] | 在馆 | |
| 3 | 546402 | 205464022 | 第三借阅区/ [索取号:P315.2/105] | 在馆 | |
| 4 | 546403 | 205464031 | 第三借阅区/ [索取号:P315.2/105] | 在馆 | |
| 5 | 546404 | 205464040 | 第三借阅区/ [索取号:P315.2/105] | 在馆 |